000 00558nam a2200217Ia 4500
005 20230208123008.0
008 230125s9999 xx 000 0 und d
020 _a978-81-291-0818-0
041 _aeng
082 _a823
_bBHA
100 _aBhagat C
_9109656
245 _aOne night @ the call center
250 _aEd. 2nd
260 _c2011
_bRupa & Co. Publisher
_aNew Delhi
300 _a257p
500 _aEnglish Literature;Novels
650 _aEnglish Literature;Novels
_9119645
700 _aBhagat C
_9109656
906 _b47.5
942 _cDB
999 _c94162
_d94162